Critical study of the campaign in Mesopotamia uo to 1917 (Record no. 552751)
[ view plain ]
| 000 -LEADER | |
|---|---|
| fixed length control field | 00351nam a22001217a 4500 |
| 082 ## - DEWEY DECIMAL CLASSIFICATION NUMBER | |
| Classification number | 355.400956 |
| Author Mark | CRI |
| 110 ## - MAIN ENTRY--CORPORATE NAME | |
| Corporate name or jurisdiction name as entry element | Staff College Queta |
| 9 (RLIN) | 50017 |
| 245 ## - TITLE STATEMENT | |
| Title | Critical study of the campaign in Mesopotamia uo to 1917 |
| 300 ## - PHYSICAL DESCRIPTION | |
| Extent | 362 p.: |
| 526 ## - STUDY PROGRAM INFORMATION NOTE | |
| Program name | 0 |
| Interest level | 0 |
| Reading level | 0 |
| Title point value | 355_400956000000000_CRI |
| 526 ## - STUDY PROGRAM INFORMATION NOTE | |
| Program name | 0 |
| Interest level | 0 |
| Reading level | 0 |
| Title point value | 355_400956000000000_CRI |
| 942 ## - ADDED ENTRY ELEMENTS (KOHA) | |
| Source of classification or shelving scheme | |
| Koha item type | Book |
| Withdrawn status | Lost status | Source of classification or shelving scheme | Damaged status | Not for loan | Permanent Location | Current Location | Shelving location | Date acquired | Total Checkouts | Full call number | Barcode | Date last seen | Price effective from | Koha item type |
|---|---|---|---|---|---|---|---|---|---|---|---|---|---|---|
| Military College of Engineering (MCE) | Military College of Engineering (MCE) | 01/21/2015 | 355.400956 CRI | MCE-ECC/48 | 01/21/2015 | 01/21/2015 | Book | |||||||
| Military College of Engineering (MCE) | Military College of Engineering (MCE) | 01/21/2015 | 355.400956 CRI | MCE-ECC/49 | 01/21/2015 | 01/21/2015 | Book |
